000 00255nam a2200109Ia 4500
008 190216s9999||||xx |||||||||||||| ||und||
100 _aOomman
245 0 _a"Economic Devolopment U K,U S A."
260 _bViswanathan S.
650 _aEconomics
942 _cBK
999 _c9092
_d9092